Представление документа в формате MARC21

Поле Инд. ПП Название Значение
Тип записи a
Библиографический уровень b
001 Контрольный номер RU/IS/BASE/307552614
005 Дата корректировки 20200522191340.9
008 Кодируемые данные 20090929
040 b Код языка каталог. rus
e Правила каталог. PSBO
041 0_ a Код языка текста rus
084 a Индекс другой классификации/Индекс ББК 81.411.2-03-213
100 1_ a Автор Легоцкая Л. А.
245 10 a Заглавие Сослагагательное наклонение в языке памятников раннего древнерусского летописания
504 a Библиография Библиогр.: с. 125
650 14 a Основная рубрика грамматика
a Основная рубрика русский язык
a Основная рубрика филологические науки
a Основная рубрика частное языкознание
a Основная рубрика языкознание
a Основная рубрика история языка
653 1_ a Ключевые слова глагол
a Ключевые слова Древняя Русь
a Ключевые слова летописи
a Ключевые слова морфология
a Ключевые слова наклонение
a Ключевые слова сослагательное наклонение
a Ключевые слова старославянский язык
a Ключевые слова части речи
773 08 t Заглавие источника Вестник Московского университета. Серия 9, Филология
d Дата издания источника 2009
g Прочая информация № 1. - С. 121 - 125 : табл.
w Контрольный № источника RU/IS/BASE/299591630
901 t Тип документа b